000 00464nam a2200157 i 4500
001 31299
003 ES-MaACL
005 20230906154344.0
007 t|
008 030128s1942 sp ||||1| spa d
100 1 _aBenavides Moro, Nicolás.
_927460
245 1 0 _aMomentos
_b: (Poesías) /
_cNicolás Benavides Moro.
260 _aMadrid :
_b[s.n.,
_c1942] (
_fGráf. Onofre Alonso)
300 _a74 p., 7 lám. ;
_c25 cm.
852 _aES-MaACL
_j1897-F-21
_bR.28467
999 _c31299
_d31299